[Event "OLNW 1920 Delmenhorster SK - Hamelner S"]
[Site "?"]
[Date "2020.01.19"]
[Round "5.6"]
[White "Margraf, Daniel"]
[Black "Koch, Yannick"]
[Result "0-1"]
[WhiteElo "2262"]
[BlackElo "2083"]
[PlyCount "60"]
[EventDate "2020.??.??"]
[EventType "team-tourn"]

1. e4 c5 2. Nc3 e6 3. g3 Nc6 4. Bg2 d6 5. f4 Nf6 6. Nh3 Be7 7. O-O O-O 8. d3
Nd4 9. g4 Nd7 10. Ne2 Rb8 11. Ng3 f5 12. gxf5 exf5 13. c3 Nc6 14. Nxf5 Rxf5 15.
exf5 Nf6 16. Qb3+ d5 17. Ng5 Bxf5 18. Ne4 Ng4 19. Ng3 c4 20. Qb5 Bxd3 21. Bxd5+
Kh8 22. Bf3 a6 23. Qh5 Qb6+ 24. Kh1 Nf2+ 25. Kg2 Bxf1+ 26. Nxf1 Nd3 27. Kh1 g6
28. Qd5 Rd8 29. Qxc4 Qf2 30. Bg2 Bc5 0-1

[Event "OLNW 1920 Delmenhorster SK - Hamelner S"]
[Site "?"]
[Date "2020.01.19"]
[Round "5.7"]
[White "Jacobi, Felix-Hagen"]
[Black "Pahl, Theis"]
[Result "1-0"]
[WhiteElo "2080"]
[BlackElo "2044"]
[PlyCount "55"]
[EventDate "2020.??.??"]
[EventType "team-tourn"]

1. e4 c5 2. f4 d5 3. exd5 Qxd5 4. Nc3 Qd8 5. Nf3 Nf6 6. a4 g6 7. Bb5+ Nbd7 8.
d3 Bg7 9. Be3 O-O 10. a5 Qc7 11. O-O Rd8 12. Bc4 e6 13. Qe2 b6 14. axb6 Nxb6
15. Nb5 Qe7 16. Ne5 Nxc4 17. dxc4 Qb7 18. Bxc5 Ne4 19. Ba3 a6 20. Rad1 Qb6+ 21.
c5 Nxc5 22. Nc4 Qxb5 23. Rxd8+ Bf8 24. Rfd1 Bb7 25. Qe5 Bd5 26. Rxa8 Bxa8 27.
Rd8 Bd5 28. Qd6 1-0

[Event "OLNW 1920 SK Kirchweyhe - SF"]
[Site "Hannover"]
[Date "2020.01.19"]
[Round "5.1"]
[White "Ackermann, Dennie"]
[Black "Stevic, Hrvoje"]
[Result "0-1"]
[WhiteElo "2128"]
[BlackElo "2575"]
[PlyCount "60"]
[EventDate "2020.??.??"]
[EventType "team-tourn"]
[EventCountry "GER"]

1. d4 Nf6 2. c4 g6 3. Nc3 Bg7 4. e4 d6 5. Nf3 O-O 6. h3 e5 7. d5 a5 8. g4 Na6
9. Be3 Nc5 10. Qc2 c6 11. O-O-O Qe7 12. g5 Ne8 13. Be2 Bd7 14. Bxc5 dxc5 15. d6
Qd8 16. Na4 b6 17. h4 Rb8 18. Nh2 f6 19. Ng4 fxg5 20. h5 Rf4 21. f3 gxh5 22.
Rxh5 Bxg4 23. fxg4 Nxd6 24. Qd3 Bf8 25. Qh3 Rb7 26. Rh1 h6 27. Nc3 Qf6 28. b3
Nxe4 29. Nxe4 Rxe4 30. Bf3 Rf4 0-1

[Event "OLNW 1920 SK Kirchweyhe - SF"]
[Site "Hannover"]
[Date "2020.01.19"]
[Round "5.2"]
[White "Kovacevic, Aleksandar"]
[Black "Pubantz, Jan"]
[Result "1/2-1/2"]
[WhiteElo "2479"]
[BlackElo "2233"]
[PlyCount "91"]
[EventDate "2020.??.??"]
[EventType "team-tourn"]
[EventCountry "GER"]

1. e4 c6 2. Nc3 d5 3. Nf3 dxe4 4. Nxe4 Nf6 5. Qe2 Nxe4 6. Qxe4 Qa5 7. Qf4 Qf5
8. Qe3 Qxc2 9. Bd3 Qa4 10. O-O Na6 11. b3 Qa5 12. Bb2 f6 13. Nd4 Nc7 14. Rfe1
Bd7 15. Bc3 Qb6 16. a4 a5 17. Be4 e5 18. Nf5 Qxe3 19. Nxe3 Be6 20. Nc4 Bb4 21.
Bxb4 axb4 22. Nd6+ Ke7 23. Nxb7 Bxb3 24. Bxc6 Bc2 25. Be4 Bxe4 26. Rxe4 Nd5 27.
Nc5 Rhc8 28. Nd3 Kd6 29. f4 exf4 30. Nxb4 Nxb4 31. Rxb4 Rc2 32. Rxf4 Rxd2 33.
a5 Ra6 34. Rb4 Rd5 35. Rb7 Raxa5 36. Rxa5 Rxa5 37. Rxg7 h5 38. Kf2 Ke6 39. Kg3
Rg5+ 40. Rxg5 fxg5 41. h4 Kf5 42. hxg5 Kxg5 43. Kh3 Kf5 44. Kh4 Kg6 45. g4 hxg4
46. Kxg4 1/2-1/2

[Event "OLNW 1920 SK Kirchweyhe - SF"]
[Site "Hannover"]
[Date "2020.01.19"]
[Round "5.3"]
[White "Kaimer, Thomas"]
[Black "Palac, Mladen"]
[Result "0-1"]
[WhiteElo "2156"]
[BlackElo "2535"]
[PlyCount "113"]
[EventDate "2020.??.??"]
[EventType "team-tourn"]
[EventCountry "GER"]

1. e4 c5 2. Nf3 d6 3. d4 cxd4 4. Nxd4 Nf6 5. Nc3 a6 6. Bc4 e6 7. Bb3 b5 8. O-O
Be7 9. Qf3 Qc7 10. Qg3 O-O 11. Bh6 Ne8 12. Rad1 Bd7 13. Bg5 Bxg5 14. Qxg5 b4
15. Nb1 a5 16. c3 Nf6 17. Nb5 Bxb5 18. Qxb5 Na6 19. cxb4 axb4 20. Rc1 Qa7 21.
e5 Rfb8 22. Qe2 dxe5 23. Qxe5 Nd7 24. Qe2 Nac5 25. Bc4 Nb6 26. Rfd1 g6 27. a3
Nxc4 28. Rxc4 bxa3 29. bxa3 Na4 30. Rdc1 Nb6 31. Rc7 Qa4 32. Qf3 Qe8 33. Nd2
Qf8 34. Ne4 Nd5 35. Nf6+ Nxf6 36. Qxf6 Rxa3 37. Qe5 Rd8 38. h3 h5 39. Qf6 Rad3
40. R1c6 Rd1+ 41. Kh2 R1d6 42. Rc4 R6d7 43. R7c6 Qg7 44. Qg5 Rd5 45. Qe7 Qe5+
46. g3 R5d7 47. Qb4 Qe2 48. Rf4 Rd4 49. Rc4 e5 50. Rcxd4 exd4 51. Qb6 h4 52.
Rf6 hxg3+ 53. Kxg3 Qd3+ 54. Kg2 Qe4+ 55. Kh2 Kg7 56. Qc6 Qh4 57. Rf3 0-1

[Event "OLNW 1920 SK Kirchweyhe - SF"]
[Site "Hannover"]
[Date "2020.01.19"]
[Round "5.5"]
[White "Edel, Thomas"]
[Black "Jovanovic, Zoran"]
[Result "0-1"]
[WhiteElo "2058"]
[BlackElo "2519"]
[PlyCount "85"]
[EventDate "2020.??.??"]
[EventType "team-tourn"]
[EventCountry "GER"]

1. d4 d6 2. Nf3 g6 3. g3 Bg7 4. Bg2 c5 5. dxc5 Qa5+ 6. Nfd2 Qxc5 7. Ne4 Qd4 8.
O-O Qxd1 9. Rxd1 Nf6 10. Nbc3 Nxe4 11. Nxe4 Nc6 12. c3 h6 13. Be3 O-O 14. Rac1
Bg4 15. Kf1 Be6 16. b3 a5 17. Bd4 a4 18. Bxg7 Kxg7 19. Nd2 axb3 20. axb3 Ra2
21. Bxc6 bxc6 22. Ra1 Rfa8 23. Rxa2 Rxa2 24. Ke1 g5 25. Rb1 Bf5 26. e4 Bg6 27.
Rc1 g4 28. Ke2 Bxe4 29. Ke3 Bf5 30. b4 Kf6 31. Nb3 Ra3 32. Nd4 Bd7 33. f4 gxf3
34. Nxf3 e5 35. Nd2 d5 36. Ke2 Bg4+ 37. Kf2 Ra2 38. Ke3 Ke6 39. h3 Bxh3 40. Rh1
Bf5 41. Rxh6+ Bg6 42. c4 d4+ 43. Ke2 0-1

[Event "OLNW 1920 SK Kirchweyhe - SF"]
[Site "Hannover"]
[Date "2020.01.19"]
[Round "5.6"]
[White "Zelcic, Robert"]
[Black "Herrmann, Andreas"]
[Result "1/2-1/2"]
[WhiteElo "2533"]
[BlackElo "2109"]
[PlyCount "121"]
[EventDate "2020.??.??"]
[EventType "team-tourn"]
[EventCountry "GER"]

1. e4 c5 2. Nf3 Nc6 3. d4 cxd4 4. Nxd4 g6 5. c4 Bg7 6. Be3 Nf6 7. Nc3 Ng4 8.
Qxg4 Nxd4 9. Qd1 Ne6 10. Rc1 Qa5 11. Qd2 d6 12. Be2 Bd7 13. O-O Bc6 14. a3 Bxc3
15. Rxc3 Bxe4 16. b4 Qe5 17. Bh6 Qd4 18. Qc1 g5 19. Re3 Qf6 20. Rxe4 Qxh6 21.
Re1 O-O 22. h4 Qg6 23. Bd3 Qg7 24. hxg5 a5 25. R4e3 axb4 26. axb4 Ra4 27. Rh3
Rfa8 28. Rxh7 Qxg5 29. Qxg5+ Nxg5 30. Rh5 Ne6 31. Re3 Nf4 32. Rg3+ Ng6 33. Rb5
Ra1+ 34. Kh2 Rc1 35. Bxg6 fxg6 36. Rxb7 Rxc4 37. Rxg6+ Kf7 38. Rh6 Re4 39. b5
Ra2 40. Rh7+ Kf6 41. Rb8 Ke6 42. b6 Rxf2 43. Re8 Rg4 44. Rhxe7+ Kd5 45. Kh3
Rgxg2 46. b7 Rh2+ 47. Kg4 Rhg2+ 48. Kh4 Rh2+ 49. Kg5 Rhg2+ 50. Kh6 Rg1 51. Re2
Rxe2 52. Rxe2 Rb1 53. Rd2+ Kc6 54. Kg5 Rxb7 55. Kf4 Rb3 56. Ke4 Rb4+ 57. Kd3
Kc5 58. Rc2+ Kd5 59. Rh2 Rb3+ 60. Kc2 Rf3 61. Rh5+ 1/2-1/2

[Event "OLNW 1920 SK Kirchweyhe - SF"]
[Site "Hannover"]
[Date "2020.01.19"]
[Round "5.7"]
[White "Ploog, Martin"]
[Black "Genov, Petar"]
[Result "0-1"]
[WhiteElo "2044"]
[BlackElo "2424"]
[PlyCount "86"]
[EventDate "2020.??.??"]
[EventType "team-tourn"]
[EventCountry "GER"]

1. e4 c5 2. Nf3 e6 3. c3 Nf6 4. e5 Nd5 5. d4 cxd4 6. cxd4 d6 7. Bc4 Nc6 8. O-O
Nb6 9. Bb3 dxe5 10. dxe5 Qxd1 11. Rxd1 Bd7 12. Nc3 Na5 13. Bc2 Rc8 14. Be4 Bb4
15. Ne2 Bc6 16. Bxc6+ Nxc6 17. Bd2 Be7 18. Rac1 O-O 19. Nc3 Nc4 20. Bf4 Nxb2
21. Rd7 Rfd8 22. Rxd8+ Bxd8 23. Bg3 Nb4 24. Ne2 Rxc1+ 25. Nxc1 Bb6 26. Kf1 N4d3
27. Nxd3 Nxd3 28. Nd2 Bd4 29. f4 b5 30. Nb3 Bb6 31. Ke2 Nb4 32. Be1 Nxa2 33.
Kd3 Kf8 34. g4 Ke8 35. Bd2 Kd7 36. Nd4 Bxd4 37. Kxd4 Kc6 38. h4 b4 39. Kc4 a5
40. h5 Nc3 41. f5 Nd5 42. Kd4 Kb5 43. g5 g6 0-1

[Event "OLNW 1920 SK Kirchweyhe - SF"]
[Site "Hannover"]
[Date "2020.01.19"]
[Round "5.8"]
[White "Medak, Bojan"]
[Black "Witthaus, Joerg"]
[Result "1-0"]
[WhiteElo "2365"]
[BlackElo "2028"]
[PlyCount "85"]
[EventDate "2020.??.??"]
[EventType "team-tourn"]
[EventCountry "GER"]

1. c4 e5 2. Nc3 Nf6 3. Nf3 Nc6 4. e3 d5 5. cxd5 Nxd5 6. Bb5 Nxc3 7. bxc3 Bd6 8.
d4 exd4 9. cxd4 O-O 10. O-O Qe7 11. h3 a6 12. Bd3 Nb4 13. Bb1 f5 14. Re1 h6 15.
a3 Nd5 16. e4 fxe4 17. Bxe4 Qf7 18. Qc2 Bf5 19. Ne5 Bxe5 20. dxe5 Bxe4 21. Rxe4
Rae8 22. Rb1 b6 23. Rb3 Re6 24. Rf3 Qe8 25. Rxf8+ Qxf8 26. Qc4 c6 27. Qxa6 Qf5
28. Qc4 b5 29. Qd4 Nc3 30. Re3 Nd5 31. Re1 Rg6 32. Kh2 Re6 33. Bd2 Qc2 34. Rc1
Qb3 35. f4 Rg6 36. Qe4 Qg3+ 37. Kh1 Ne7 38. Be1 Nf5 39. Rd1 Qb3 40. Rd8+ Kh7
41. Qxf5 Qe3 42. Bb4 Qe2 43. Rh8+ 1-0

[Event "OLNW 1920 SK Union MTV Tost"]
[Site "Oldenburg"]
[Date "2020.01.19"]
[Round "5.1"]
[White "Bokros, Albert"]
[Black "Breutigam, Martin"]
[Result "0-1"]
[WhiteElo "2481"]
[BlackElo "2377"]
[PlyCount "104"]
[EventDate "2020.??.??"]
[EventType "team-tourn"]
[EventCountry "GER"]

1. e4 e5 2. Nf3 Nc6 3. Bb5 f5 4. d3 fxe4 5. dxe4 Nf6 6. Nc3 Bb4 7. Qd3 d6 8.
O-O Bxc3 9. Qxc3 Bd7 10. Bd3 O-O 11. b4 Kh8 12. b5 Ne7 13. a4 Ng6 14. Bg5 Rc8
15. Nh4 Qe8 16. Nf5 Nf4 17. Bxf4 exf4 18. Rfe1 Qe5 19. Qxe5 dxe5 20. Ne7 Rcd8
21. Bc4 c6 22. f3 g6 23. bxc6 bxc6 24. Red1 Rde8 25. Rxd7 Nxd7 26. Nxc6 Rc8 27.
Bd5 Rc7 28. a5 Kg7 29. c4 Rfc8 30. Nb4 Nc5 31. g3 g5 32. h4 h6 33. Kg2 Rb8 34.
Nc6 Rb2+ 35. Kh3 Kf6 36. gxf4 gxf4 37. Rg1 Rf2 38. Rg8 Rxf3+ 39. Kh2 Nd3 40.
Nd8 Rg7 41. Re8 Rf2+ 42. Kh1 Rf1+ 43. Kh2 Rgg1 44. Re6+ Kg7 45. Re7+ Kf8 46.
Rf7+ Ke8 47. Bc6+ Kxd8 48. Rd7+ Kc8 49. Rxd3 f3 50. Bd7+ Kc7 51. Bh3 Rh1+ 52.
Kg3 Rfg1+ 0-1

[Event "OLNW 1920 SK Union MTV Tost"]
[Site "Oldenburg"]
[Date "2020.01.19"]
[Round "5.2"]
[White "Bredemeier, Dirk"]
[Black "Varga, Zoltan"]
[Result "0-1"]
[WhiteElo "2244"]
[BlackElo "2416"]
[PlyCount "104"]
[EventDate "2020.??.??"]
[EventType "team-tourn"]
[EventCountry "GER"]

1. c4 Nf6 2. g3 c6 3. Bg2 d5 4. Nf3 dxc4 5. O-O Nbd7 6. Na3 Nb6 7. Qc2 Qd5 8.
Ne1 Qf5 9. e4 Qh5 10. Nxc4 Nxc4 11. Qxc4 e5 12. d3 Bd6 13. b4 O-O 14. Bd2 Rd8
15. f3 Be6 16. Qc3 Nd7 17. Nc2 a6 18. Be3 Rac8 19. a4 f6 20. Rfd1 Qf7 21. Rab1
b5 22. axb5 cxb5 23. Qb2 Ba2 24. Ra1 Bb3 25. Rdc1 Ba4 26. Ne1 Qe7 27. Bd2 Nb8
28. Bh3 Rc6 29. Kf1 Qf7 30. Rab1 Bf8 31. Bg4 g6 32. Bh3 Kg7 33. Ke2 Rdd6 34.
Ng2 Rxc1 35. Rxc1 Nc6 36. Bc3 Nd4+ 37. Kf2 Nb3 38. Rd1 h5 39. Ne3 Qa7 40. f4
exf4 41. gxf4 Kh7 42. d4 Bh6 43. Kf3 Qc7 44. e5 fxe5 45. fxe5 Qf7+ 46. Ke2 Qf4
47. Ng2 Qxh2 48. exd6 Qxh3 49. Rg1 Nc1+ 50. Kf1 Qf3+ 51. Qf2 Qd3+ 52. Ke1 Qd1#
0-1

[Event "OLNW 1920 SK Union MTV Tost"]
[Site "Oldenburg"]
[Date "2020.01.19"]
[Round "5.3"]
[White "Izsak, Gyula"]
[Black "Meessen, Max"]
[Result "1/2-1/2"]
[WhiteElo "2418"]
[BlackElo "2203"]
[PlyCount "104"]
[EventDate "2020.??.??"]
[EventType "team-tourn"]
[EventCountry "GER"]

1. d4 d5 2. c4 e6 3. Nc3 Nf6 4. Bg5 Be7 5. e3 h6 6. Bh4 O-O 7. Qc2 c5 8. dxc5
dxc4 9. Bxc4 Qa5 10. Nf3 Qxc5 11. Bd3 Bd7 12. O-O Bc6 13. Nd4 Nd5 14. Nxc6 Bxh4
15. Nxd5 Qxd5 16. Bh7+ Kh8 17. Be4 Qb5 18. Nd4 Qb6 19. Qb3 Qxb3 20. axb3 Nc6
21. Bxc6 bxc6 22. Nxc6 a6 23. Rfc1 Bf6 24. Ra2 Rfc8 25. Rc4 g6 26. Kf1 Kg7 27.
Ke2 h5 28. Kd3 Rc7 29. Ke2 Rb7 30. b4 Rb6 31. b3 Rc8 32. Rac2 Rc7 33. h3 Be7
34. Nxe7 Rxe7 35. Ra2 Rd7 36. Ra4 Rbd6 37. Rc2 Rb6 38. Rc4 Rbd6 39. Rd4 Kf6 40.
Rxa6 Rxd4 41. exd4 Rxd4 42. Ra4 Rd5 43. Ra5 Rd4 44. Rb5 e5 45. Ke3 h4 46. Rb7
Ke6 47. Ke2 g5 48. Ke3 f6 49. Rb6+ Ke7 50. Rb7+ Ke6 51. Rb6+ Ke7 52. Rb7+ Ke6
1/2-1/2

[Event "OLNW 1920 SK Union MTV Tost"]
[Site "Oldenburg"]
[Date "2020.01.19"]
[Round "5.4"]
[White "Mueer, Sebastian"]
[Black "Szeberenyi, Adam"]
[Result "0-1"]
[WhiteElo "2212"]
[BlackElo "2371"]
[PlyCount "76"]
[EventDate "2020.??.??"]
[EventType "team-tourn"]
[EventCountry "GER"]

1. d4 Nf6 2. c4 e6 3. Nc3 d5 4. cxd5 exd5 5. Bg5 c6 6. e3 Bf5 7. Qf3 Bg6 8.
Bxf6 Qxf6 9. Qxf6 gxf6 10. Nf3 Nd7 11. Nh4 Bb4 12. O-O-O a5 13. Bd3 a4 14. Ne2
b5 15. Ng3 Nb6 16. f4 Bxd3 17. Rxd3 Nc4 18. a3 Bf8 19. e4 b4 20. axb4 Bxb4 21.
Nh5 a3 22. bxa3 Bxa3+ 23. Kc2 Be7 24. exd5 cxd5 25. Rb3 Kd7 26. Nf5 Ra2+ 27.
Kc3 Bf8 28. Rb5 Ba3 29. Kb3 Rb2+ 30. Ka4 Rb8 31. Nxf6+ Kc6 32. Rxb8 Rxb8 33.
Nxd5 Kxd5 34. Ne3+ Nxe3 35. Kxa3 Kxd4 36. Ka2 Nxg2 37. Rg1 Nxf4 38. Rg7 f5 0-1

[Event "OLNW 1920 SK Union MTV Tost"]
[Site "Oldenburg"]
[Date "2020.01.19"]
[Round "5.5"]
[White "Hoegy, Kevin"]
[Black "Wittje, Berthold"]
[Result "1/2-1/2"]
[WhiteElo "2244"]
[BlackElo "2221"]
[PlyCount "141"]
[EventDate "2020.??.??"]
[EventType "team-tourn"]
[EventCountry "GER"]

1. d4 Nf6 2. c4 e6 3. g3 d5 4. Bg2 Be7 5. Nf3 O-O 6. O-O dxc4 7. Ne5 Nc6 8.
Nxc6 bxc6 9. Na3 Bxa3 10. bxa3 Nd5 11. Qa4 Nb6 12. Qa5 Qxd4 13. Be3 Qb2 14. Bc5
Rd8 15. Bxc6 Bd7 16. Bxa8 Rxa8 17. e4 Bc6 18. Rad1 f6 19. f3 Qb5 20. Qb4 Na4
21. Be3 Qxb4 22. axb4 a6 23. Rf2 Kf7 24. Rfd2 Ke7 25. Rc1 Bb5 26. Bc5+ Ke8 27.
Bd4 Rc8 28. Kf2 Rd8 29. Ke3 Rc8 30. g4 Ke7 31. g5 e5 32. Bc3 Ke6 33. gxf6 gxf6
34. f4 exf4+ 35. Kxf4 Rg8 36. Bd4 Rg6 37. Rf2 Rh6 38. Ke3 Nb6 39. Bxb6 cxb6 40.
Kd4 Rh4 41. Rcf1 Rh6 42. Rf4 Ke7 43. R1f2 Ke6 44. h4 Ke7 45. Rg2 Ke6 46. Rgf2
Ke7 47. R2f3 Ke6 48. Rf5 Ke7 49. Rg3 Rxh4 50. Kd5 Be8 51. Rgf3 Bf7+ 52. Kc6
Rxe4 53. Rxf6 Bg6 54. Kxb6 c3 55. R3f4 Rxb4+ 56. Rxb4 Kxf6 57. Rc4 c2 58. Kc5
Ke5 59. Kb4 h5 60. Ka3 h4 61. Kb2 Be4 62. Ra4 Kf4 63. Rxa6 h3 64. Rh6 Kg3 65.
a4 Kg2 66. a5 h2 67. a6 h1=Q 68. Rxh1 Kxh1 69. a7 Kg1 70. a8=Q Bxa8 71. Kxc2
1/2-1/2

[Event "OLNW 1920 SK Union MTV Tost"]
[Site "Oldenburg"]
[Date "2020.01.19"]
[Round "5.7"]
[White "Krueger, Robin Kevin"]
[Black "Schuette, Marc"]
[Result "1/2-1/2"]
[WhiteElo "2037"]
[BlackElo "2113"]
[PlyCount "127"]
[EventDate "2020.??.??"]
[EventType "team-tourn"]
[EventCountry "GER"]

1. e4 e6 2. d4 d5 3. Nd2 dxe4 4. Nxe4 Nd7 5. Nf3 Ngf6 6. Bd3 Nxe4 7. Bxe4 Nf6
8. Bg5 Be7 9. Bxf6 Bxf6 10. Qd3 Qd6 11. O-O-O c6 12. Ne5 Bxe5 13. dxe5 Qxd3 14.
Rxd3 Bd7 15. Rhd1 O-O-O 16. f4 Kc7 17. c4 f5 18. Bf3 Bc8 19. c5 Rxd3 20. Rxd3
Rd8 21. Rd6 Bd7 22. b4 g6 23. Be2 Ra8 24. a3 a5 25. Kb2 axb4 26. axb4 h6 27.
Bc4 Re8 28. h4 Re7 29. Kc3 Kc8 30. Kd4 Kc7 31. Ke3 Kc8 32. Kf3 h5 33. g3 Kc7
34. Ke3 Kc8 35. Kd4 Kc7 36. Kc3 Kc8 37. Be2 Kc7 38. Bd3 Be8 39. Bc4 Bd7 40. Kb3
Kc8 41. Be2 Kc7 42. b5 Re8 43. Kb4 Ra8 44. Bc4 Re8 45. Rd1 Rd8 46. b6+ Kc8 47.
Ra1 Kb8 48. Rd1 Kc8 49. Rd6 Re8 50. Ka5 Re7 51. Rd2 Re8 52. Rd1 Re7 53. Rd6 Re8
54. Kb4 Re7 55. Rd3 Re8 56. Rd2 Re7 57. Kc3 Re8 58. Be2 Rd8 59. Bf3 Be8 60. Rd6
Bd7 61. Be2 Re8 62. Rd2 Rd8 63. Rd6 Re8 64. Rd2 1/2-1/2

[Event "OLNW 1920 SK Union MTV Tost"]
[Site "Oldenburg"]
[Date "2020.01.19"]
[Round "5.8"]
[White "Buerckner, Hartmut"]
[Black "Feist, Mathias"]
[Result "1-0"]
[WhiteElo "2171"]
[BlackElo "2089"]
[PlyCount "93"]
[EventDate "2020.??.??"]
[EventType "team-tourn"]
[EventCountry "GER"]

1. Nf3 Nf6 2. c4 g6 3. b3 Bg7 4. Bb2 d6 5. g3 O-O 6. Bg2 Nbd7 7. O-O e5 8. Nc3
c6 9. e4 Nc5 10. d3 Re8 11. Re1 Bg4 12. h3 Bxf3 13. Qxf3 Ne6 14. Ne2 Qd7 15.
Kh2 h5 16. Qe3 Kh7 17. d4 Qc7 18. f4 exf4 19. gxf4 Nxe4 20. Qxe4 Nxd4 21. Qxd4
Bxd4 22. Bxd4 d5 23. Be5 Rxe5 24. fxe5 Qxe5+ 25. Kh1 Re8 26. cxd5 cxd5 27. Rad1
d4 28. Nxd4 Qxe1+ 29. Rxe1 Rxe1+ 30. Kh2 Re7 31. Kg3 Kg7 32. Kf4 Kf6 33. h4 b6
34. Be4 Rd7 35. Nb5 Rd2 36. Nxa7 Rf2+ 37. Kg3 Rxa2 38. Nc8 Ke5 39. Bd3 Rb2 40.
Bc4 f5 41. Nxb6 Rd2 42. Bf7 f4+ 43. Kf3 Rd3+ 44. Ke2 Re3+ 45. Kf2 Kf5 46. Nc4
Rd3 47. Bxg6+ 1-0

[Event "OLNW 1920 SK Lehrte - SK Nordhorn Blank"]
[Site "?"]
[Date "2020.01.19"]
[Round "5.1"]
[White "Kroeze, Frank"]
[Black "Stelmaszyk, Nico"]
[Result "0-1"]
[WhiteElo "2397"]
[BlackElo "2203"]
[PlyCount "74"]
[EventDate "2020.??.??"]
[EventType "team-tourn"]

1. e4 c5 2. Nf3 e6 3. g3 Nc6 4. Bg2 Nge7 5. d3 g6 6. h4 h5 7. O-O Bg7 8. c3 d6
9. d4 cxd4 10. cxd4 Qb6 11. Nc3 Bd7 12. d5 exd5 13. exd5 Ne5 14. Nxe5 Bxe5 15.
Ne4 O-O 16. Bg5 Nf5 17. Kh2 f6 18. Bd2 Bb5 19. Re1 Nxh4 20. Bh3 Bd3 21. Be3 Qb4
22. Be6+ Kh7 23. Qxd3 Nf3+ 24. Kg2 Nxe1+ 25. Rxe1 Qxe1 26. Bd2 Qd1 27. Qe3 g5
28. Qd3 Kg7 29. Qb5 Kh8 30. Qxb7 h4 31. Bf5 Qh5 32. g4 Qf7 33. Qc6 Rab8 34. b3
Qb7 35. Ba5 Qb5 36. Nd2 Qxa5 37. Qd7 Qxd5+ 0-1

[Event "OLNW 1920 SK Lehrte - SK Nordhorn Blank"]
[Site "?"]
[Date "2020.01.19"]
[Round "5.3"]
[White "Lambrechts, Koen"]
[Black "Hartogh, Christian"]
[Result "1-0"]
[WhiteElo "2327"]
[BlackElo "2070"]
[PlyCount "127"]
[EventDate "2020.??.??"]
[EventType "team-tourn"]

1. Nf3 Nf6 2. d4 d5 3. c4 e6 4. g3 Be7 5. Bg2 O-O 6. O-O Nbd7 7. Nc3 dxc4 8. e4
Nb6 9. a4 a5 10. Be3 Bb4 11. Ne5 Bd7 12. d5 Rc8 13. Qc2 Qe8 14. Rfd1 exd5 15.
Nxd7 Nfxd7 16. Nxd5 Nxd5 17. exd5 Nb6 18. d6 Qe6 19. Qe4 Nd7 20. dxc7 Qxe4 21.
Bxe4 Nf6 22. Bxb7 Rxc7 23. Bf3 c3 24. bxc3 Rxc3 25. Rac1 Rxc1 26. Rxc1 h6 27.
Rc6 Nd7 28. Rc7 Ne5 29. Be4 Rd8 30. Kg2 Nd3 31. Bb6 Ne5 32. Ra7 Re8 33. Bxa5
Bxa5 34. Rxa5 Nc4 35. Ra8 Kf8 36. Rxe8+ Kxe8 37. Bd5 Nb6 38. Bc6+ Ke7 39. a5
Nc8 40. Kf3 Kd6 41. Bb7 Ne7 42. a6 Kc7 43. Ke4 f6 44. Kd4 Kb6 45. Kc4 g5 46.
Kd4 Ng6 47. Kd5 Ne5 48. h3 Nd3 49. f3 f5 50. g4 f4 51. Ke6 Nf2 52. Kf6 Nxh3 53.
Kg6 Nf2 54. Kxh6 Nh3 55. Kg6 Ka7 56. Bd5 Kxa6 57. Bc4+ Kb6 58. Bf1 Ng1 59. Bg2
Ne2 60. Kxg5 Kc7 61. Kf6 Kd7 62. g5 Ke8 63. g6 Ng3 64. g7 1-0

[Event "OLNW 1920 SK Lehrte - SK Nordhorn Blank"]
[Site "?"]
[Date "2020.01.19"]
[Round "5.4"]
[White "Schruefer, Guenther"]
[Black "Bertholee, Rob"]
[Result "1/2-1/2"]
[WhiteElo "2209"]
[BlackElo "2306"]
[PlyCount "26"]
[EventDate "2020.??.??"]
[EventType "team-tourn"]

1. e4 e6 2. d4 d5 3. Nd2 Be7 4. Bd3 Nc6 5. Ngf3 Nb4 6. Be2 c5 7. c3 Nc6 8. dxc5
Bxc5 9. Nb3 Bb6 10. exd5 exd5 11. O-O Nge7 12. Nbd4 O-O 13. Be3 Re8 1/2-1/2

[Event "OLNW 1920 SK Lehrte - SK Nordhorn Blank"]
[Site "?"]
[Date "2020.01.19"]
[Round "5.6"]
[White "Zschischang, Marine"]
[Black "Oehne, Timo"]
[Result "1/2-1/2"]
[WhiteElo "2073"]
[BlackElo "2100"]
[PlyCount "101"]
[EventDate "2020.??.??"]
[EventType "team-tourn"]

1. d4 Nf6 2. Nf3 g6 3. Nc3 Bg7 4. e4 d6 5. Be3 O-O 6. Qd2 a6 7. Bh6 b5 8. Bxg7
Kxg7 9. Bd3 Bb7 10. Qf4 b4 11. Ne2 Nbd7 12. Ng3 e5 13. dxe5 Nxe5 14. Nxe5 dxe5
15. Qxe5 Re8 16. Qf4 Nxe4 17. Nxe4 Bxe4 18. O-O-O Qf6 19. Qxf6+ Kxf6 20. Rhe1
Bxd3 21. cxd3 a5 22. Kd2 Rxe1 23. Rxe1 Ra6 24. Rc1 c6 25. d4 Ke6 26. Kd3 Kd6
27. Kc4 f6 28. Re1 Ra8 29. f4 Rc8 30. Re3 Rb8 31. g4 Rb5 32. Re8 h5 33. h3 hxg4
34. hxg4 Kd7 35. Rg8 g5 36. f5 Rd5 37. Rg7+ Kd8 38. Rf7 Rd6 39. Ra7 Rd5 40. Rh7
Rd6 41. Rh8+ Kd7 42. Rh2 Rd5 43. Rd2 Rd6 44. d5 Kc7 45. Kc5 cxd5 46. Rxd5 Rc6+
47. Kb5 b3 48. a3 Rc2 49. Rc5+ Kd6 50. Rc4 Rxb2 51. Kxa5 1/2-1/2

[Event "OLNW 1920 SK Lehrte - SK Nordhorn Blank"]
[Site "?"]
[Date "2020.01.19"]
[Round "5.7"]
[White "Baisakow, Alexander"]
[Black "Zschischang, Gunnar"]
[Result "0-1"]
[WhiteElo "2194"]
[BlackElo "2090"]
[PlyCount "54"]
[EventDate "2020.??.??"]
[EventType "team-tourn"]

1. e4 c5 2. Nf3 e6 3. c3 Nf6 4. e5 Nd5 5. d4 cxd4 6. cxd4 d6 7. Nc3 Nxc3 8.
bxc3 Bd7 9. Bd3 h6 10. O-O Bc6 11. Ba3 Nd7 12. exd6 Nf6 13. d7+ Nxd7 14. Bxf8
Kxf8 15. Re1 g6 16. Ne5 Nxe5 17. Rxe5 Qf6 18. Qg4 h5 19. Qe2 h4 20. h3 Rd8 21.
Qg4 Rd5 22. f4 Rh5 23. Rae1 Rdxe5 24. fxe5 Qg5 25. Be4 Qd2 26. Re2 Qxc3 27. Rf2
Qe1+ 0-1

[Event "OLNW 1920 SK Lehrte - SK Nordhorn Blank"]
[Site "?"]
[Date "2020.01.19"]
[Round "5.8"]
[White "Meiwes, Thore"]
[Black "Wiebe, Patrick"]
[Result "1/2-1/2"]
[WhiteElo "2106"]
[BlackElo "2248"]
[PlyCount "56"]
[EventDate "2020.??.??"]
[EventType "team-tourn"]

1. d4 d5 2. Bf4 Nf6 3. e3 g6 4. Nc3 Bg7 5. h4 c6 6. Be2 h5 7. Nf3 Bg4 8. Ne5
Bxe2 9. Qxe2 Nbd7 10. O-O-O Qa5 11. f3 Nxe5 12. Bxe5 O-O-O 13. Kb1 Ne8 14. Bg3
Nd6 15. Be1 Qc7 16. e4 e6 17. e5 Nc4 18. b3 Nb6 19. Kb2 Kb8 20. a4 Nd7 21. Qd3
a6 22. Ne2 c5 23. f4 Rc8 24. Bf2 c4 25. Qd2 Bf8 26. Be1 Be7 27. Rc1 b6 28. b4
Kb7 1/2-1/2

[Event "OLNW 1920 SV Hellern - HSK Lister Turm"]
[Site "?"]
[Date "2020.01.19"]
[Round "5.1"]
[White "Abel, Dennes"]
[Black "Lingnau, Carsten"]
[Result "1/2-1/2"]
[WhiteElo "2466"]
[BlackElo "2417"]
[PlyCount "57"]
[EventDate "2020.??.??"]
[EventType "team-tourn"]

1. d4 Nf6 2. c4 e6 3. g3 d5 4. Bg2 Bb4+ 5. Nc3 O-O 6. Nf3 dxc4 7. O-O Nc6 8.
Qa4 Nd5 9. Qc2 Be7 10. Rd1 Rb8 11. e4 Ncb4 12. Qb1 Nxc3 13. bxc3 Nd3 14. Qb5
Nxc1 15. Raxc1 c5 16. Qxc4 b5 17. Qe2 Qc7 18. c4 b4 19. e5 cxd4 20. c5 d3 21.
Qe3 Ba6 22. Nd2 Rbc8 23. c6 Rfd8 24. Nc4 Bb5 25. Rxd3 Rxd3 26. Qxd3 g6 27. Qe3
Bxc4 28. Rxc4 a5 29. Rc2 1/2-1/2

[Event "OLNW 1920 SV Hellern - HSK Lister Turm"]
[Site "?"]
[Date "2020.01.19"]
[Round "5.2"]
[White "Gronde, Ingo"]
[Black "Walter, Stefan"]
[Result "1/2-1/2"]
[WhiteElo "2229"]
[BlackElo "2388"]
[PlyCount "129"]
[EventDate "2020.??.??"]
[EventType "team-tourn"]

1. e4 e5 2. Nf3 Nc6 3. d4 exd4 4. Bc4 Nf6 5. e5 d5 6. Bb5 Ne4 7. Nxd4 Bc5 8.
Be3 O-O 9. Nxc6 bxc6 10. Bxc5 Nxc5 11. Bxc6 Rb8 12. Qxd5 Qe7 13. O-O Rxb2 14.
Na3 Na6 15. Qf3 Be6 16. Be4 g6 17. Qc3 Qb4 18. Qxb4 Rxb4 19. Bf3 Rfb8 20. Rfd1
Ra4 21. Nb1 Nc5 22. Nc3 Rc4 23. Nd5 Rxc2 24. Nxc7 Bxa2 25. Bd5 Bxd5 26. Nxd5
Rbb2 27. Rf1 a6 28. Nf6+ Kg7 29. Rad1 Re2 30. Rd5 Nb3 31. Ne8+ Kf8 32. Rd8 Ke7
33. Rb8 Nc5 34. Rxb2 Rxb2 35. Nd6 Nd3 36. f4 Rb4 37. g3 a5 38. Rd1 Nb2 39. Rc1
a4 40. Rc7+ Ke6 41. Ra7 f6 42. Nf7 fxe5 43. Nd8+ Kf5 44. fxe5 Rd4 45. Rf7+ Kxe5
46. Nc6+ Ke6 47. Rxh7 Rd7 48. Rxd7 Kxd7 49. Nb4 a3 50. Kf1 Kd6 51. Ke2 Kc5 52.
Nc2 a2 53. h4 Nc4 54. g4 Ne5 55. h5 g5 56. h6 Kd6 57. Kd2 Nf7 58. h7 Ke5 59.
Kc3 Kf4 60. Kb2 Kxg4 61. Kxa2 Kf5 62. Nd4+ Kg6 63. Nf3 g4 64. Ne5+ Kxh7 65.
Nxg4 1/2-1/2